| 000 | 00582cam a2200169 i 4500 | ||
|---|---|---|---|
| 005 | 20251108170508.0 | ||
| 008 | 250721s1993 le gr 000 0 ara d | ||
| 082 | 1 | 4 |
_a138 _bن ع م |
| 100 | 1 |
_aنعمة الله، هيكل _eمعد. |
|
| 245 | 1 | 0 |
_aالفراسة و قراءة الأفكار / _cاعداد هيكل نعمة الله. |
| 264 | 1 |
_aطرابلس (بيروت) : _bجروس برس، _c1993. |
|
| 300 | _a144 صفحة. | ||
| 650 | 1 | 7 | _aالفراسة. |
| 650 | 1 | 7 | _aالظواهر الطبيعية الخارقة. |
| 942 |
_2ddc _cBK |
||
| 999 |
_c41872 _d41872 |
||